000
00250nam a2200097Ia 4500
001
641689
005
20250826153512.0
008
250824s9999 xx 000 0 und d
245
0
_a
AYNADA BATAN GÜNEŞ
_c
AHMED GÜNBAY YILDIZ
260
_b
TİMAŞ KÜLTÜR
999
_c
641689
_d
641689